| 000 | 01212nam a2200205 a 4500 | ||
|---|---|---|---|
| 008 | 130826s2008 ||||||||||||||||| || u | ||
| 020 | _a9789282011577 | ||
| 050 | _aUNESCO(02)2008/1 | ||
| 110 | _aUnited Nations Educational, Scientific and Cultural Organization (UNESCO) | ||
| 245 | 1 | 0 |
_aFamily literacy: a global approach to lifelong learning: effective practices in family literacy and intergenerational learning around the world _cBy United Nations Education, Scientific and Cultural Organization (UNESCO) |
| 260 |
_aHamburg: _bUnited Nations Educational, Scientific and Cultural Organization (UNESCO) _c2008 |
||
| 300 | _a56p.: ill. | ||
| 650 | _aLIFELONG LEARNING | ||
| 650 | _aLITERACY PROGRAMS | ||
| 650 | _aEDUCATION | ||
| 650 | _aLITERACY--SOCIAL ASPECTS | ||
| 995 |
_aSPECIAL COLLECTIONS _e1156 _FCBU-MAIN LIBRARY (Kitwe) _jUNESCO(02)2008/1C _M3 _UAVAILABLE _WDec 6, 2013 _yB1156 _ZInternational Publications |
||
| 995 |
_aSPECIAL COLLECTIONS _e1154 _FCBU-MAIN LIBRARY (Kitwe) _jUNESCO(02)2008/1A _M1 _UAVAILABLE _WDec 6, 2013 _yB1154 _ZInternational Publications |
||
| 995 |
_aSPECIAL COLLECTIONS _e1155 _FCBU-MAIN LIBRARY (Kitwe) _jUNESCO(02)2008/1B _M2 _UAVAILABLE _WDec 6, 2013 _yB1155 _ZInternational Publications |
||
| 999 |
_c62986 _d62986 |
||